00473 2200181 4500001002100000005001500021035001900036245005600055100001600111300002400127700001000151260006300161082000700224084001300231020002100244990001300265990001300278INLIS00000000000001320200911093032$a 0010-0920000013$a Komik Next G: Sosok di Tengah Hujan /$c Izzaty Aulia$a Izzaty Aulia$a 100 hlm. ; $c 21 cm.$a Sastro$a Bandung :$b Muffin Graphics (PT Cerita Anak Bangsa),$c 2019$a 813$a 813 IZZ k$a 978-602-367-757-3$a 0021/2020$a 0020/2020